00558nam a22002057a 4500003000500000005001700005008004100022010001000063011001000073035001000083040000900093082001600102100002100118245005500139260003600194300003100230650002700261650004000288650002400328CHAP20220329135447.0971013s1980 r 00010 d a36876 a37848 a41968 cCHAP a630.215bP300aPapadakis, John. aEcología y manejo de cultivos, pasturas y suelos aBuenos Aires :bAlbatros,c1980 a304 p.b: ilus. ; gráfs.14aEcología agrícola.14aPlantasxEfecto del medio ambiente.14aSuelosxEcología.